• 首页
  • 本馆介绍
  • 公告通知
  • 最新文献
  • 馆藏检索
  • 电子资源
  • 读者导购
  • 参考咨询
  • 我的图书馆
  • 登录
  • 详细信息显示
  • 放入我的书架
  • 预约/预借图书
  • 作者相关作品
  • 分类相关作品
  • 丛书相关作品
  • 出版社相关作品

书目信息

  • 表格格式
  • 工作单格式
  • 卡片格式
题名:
上善若水
    
 
作者: 梅婷 编著
分册:  
出版信息: 北京   群言出版社  2015
页数: 258页
开本: 24cm
丛书名:
单 册:
中图分类: B825.5
科图分类:
主题词: 女性--修养--通俗读物
电子资源:
ISBN: 978-7-80256-485-5
000 00864nam0 2200241 450
001 012001002259
005 20140926114740.0
010    @a978-7-80256-485-5@dCNY32.80
100    @a20151101d2015 em y0chiy50 ea
101 0  @achi
102    @aCN@b110000
105    @ay z 000yy
106    @ar
200 1  @a上善若水@9shang shan ruo shui@e朴槿惠送给女人的人生经营课@f梅婷编著
210    @a北京@c群言出版社@d2015
215    @a258页@d24cm
330    @a本书融合了朴槿惠值得女性学习和借鉴的优点,再同现代职场、生活相结合,有效地帮助女性建立自信、正视问题、跨越困难、重塑魅力、收获成功,实用性强。
517 1  @a朴槿惠送给女人的人生经营课@9piao jin hui song gei nv ren de ren sheng jing ying ke
606 0  @a女性@x修养@j通俗读物
690    @aB825.5@v5
701  0 @a梅婷@9mei ting@4编著
801  0 @aCN@b上海新华@c20180901
905    @b1160416-20@dB825.5@e1217@f5
    
    上善若水:朴槿惠送给女人的人生经营课/梅婷编著.-北京:群言出版社,2015
    258页;24cm
    
    
    ISBN 978-7-80256-485-5:CNY32.80
    本书融合了朴槿惠值得女性学习和借鉴的优点,再同现代职场、生活相结合,有效地帮助女性建立自信、正视问题、跨越困难、重塑魅力、收获成功,实用性强。
●
相关链接 在E读中查询图书 在五车中查询图书 在当当中查询图书 在豆瓣中查询图书


正题名:上善若水     索取号:B825.5/1217         预约/预借

序号 登录号 条形码 馆藏地/架位号 状态 备注
1 1160416   211604165   第一样本阅览室/ [索取号:B825.5/1217] 在馆    
2 1160417   211604174   第一借阅区/ [索取号:B825.5/1217] 在馆    
3 1160418   211604183   第一借阅区/ [索取号:B825.5/1217] 在馆    
4 1160419   211604192   第一借阅区/ [索取号:B825.5/1217] 在馆    
5 1160420   211604209   第一借阅区/ [索取号:B825.5/1217] 在馆    
唐山师范学院图书馆 欢迎您!
大连网信软件有限公司© 版权所有